000 00521nam a2200181 i 4500
001 186598
003 ES-MaACL
005 20230906222713.0
008 161205s1997 sp d |||| | spa d
020 _a84-381-0292-1
080 _a78(038)
100 1 _aMadariaga, Luis de.
_975289
245 1 0 _aDiccionario básico de terminología musical /
_cLuis de Madariaga.
260 _aMadrid :
_bAlpuerto,
_c[1997]
300 _a207 p. ;
_c22 cm.
650 4 _aMúsica-
_vDiccionarios.
_915382
852 4 _aES-MaACL
_jL-30982
999 _c186598
_d186598